| 000 | 00667cam a22002173a 4500 | ||
|---|---|---|---|
| 001 | 34365 | ||
| 003 | PGUSA | ||
| 005 | 20140828083736.0 | ||
| 008 | 101118s2010||||xxu|||||s|||||000 | eng d | ||
| 040 |
_aPGUSA _beng |
||
| 042 | _adc | ||
| 100 | 1 |
_aSpearman, Frank H. _q(Frank Hamilton), _d1859-1937 |
|
| 245 | 1 | 0 |
_aHeld for Orders : _bBeing Stories of Railroad Life _h[electronic resource] / _cFrank H. Spearman |
| 260 |
_bProject Gutenberg, _c2010 |
||
| 506 | _aPublic domain in the USA. | ||
| 516 | _aElectronic text | ||
| 700 | 1 |
_aHambidge, Jay, _d1867-1924 |
|
| 830 | 0 |
_aProject Gutenberg _v34365 |
|
| 856 | 4 | 0 | _uhttp://www.gutenberg.org/ebooks/34365 |
| 942 | _cEB | ||
| 999 |
_c263620 _d263620 |
||